| 000 | 00725nam a2200205Ia 4500 | ||
|---|---|---|---|
| 003 | OSt | ||
| 005 | 20241001095542.0 | ||
| 008 | 210210b2017 xxu||||| |||| 00| 0 eng d | ||
| 040 | _cAL | ||
| 041 | _aKannada | ||
| 082 | _a918.04K ANUC | ||
| 100 |
_aANUPAMA (H S) _dಅನುಪಮಾ (ಹೆಚ್ ಎಸ್) _9180981 |
||
| 245 |
_aChegevarana neladalli: Brejil Arjentina chili peru pravasa kathana _bಚೆಗೆವಾರನ ನೆಲದಲ್ಲಿ: ಬ್ರೆಜಿಲ್ ಅರ್ಜೆಂಟೀನ ಚಿಲಿ ಪೆರು ಪ್ರವಾಸ ಕಥನ |
||
| 260 |
_aGadaga _bLadayi Prakashana _c2017 |
||
| 300 | _a239 | ||
| 650 |
_a, _9180982 |
||
| 690 |
_aTravel _9180983 |
||
| 906 | _a072361 | ||
| 942 |
_2ddc _cBK |
||
| 999 |
_c122277 _d122277 |
||